| 000 | 01076nam a2200265Ia 4500 | ||
|---|---|---|---|
| 003 | GCL | ||
| 008 | 140319s9999 xx 000 0 ara d | ||
| 040 |
_aGCL / _cGCL |
||
| 082 | 0 | 4 |
_aط _b591 _bد س |
| 100 | 1 | _aدار الراتب الجامعية | |
| 245 | 1 | 0 |
_aسلسلة عالم الحيوان : _bالخيل-الكلاب-القطط-الطيور-العصافير-الفراشات-الارنبيات والقوارض-اكلة اللحوم-اكلة الاعشاب-المائية البرمائية-الاسماك-الحيوانات البحرية / _cدار الراتب الجامعية |
| 260 |
_aبيروت : _bدار الراتب الجامعية |
||
| 300 |
_aمتعدد ؛ _c18 سم |
||
| 490 |
_aسلسلة عالم الحيوان _v0 |
||
| 650 | 0 | 4 | _aالخيل |
| 650 | 0 | 4 | _aالارانب |
| 650 | 0 | 4 | _aالطيور |
| 650 | 0 | 4 | _aالاسماك |
| 650 | 0 | 4 | _aالقطط |
| 650 | 0 | 4 | _aالكلاب |
| 650 | 0 | 4 | _aالحيوانات البحرية |
| 650 | 0 | 4 | _aالفراشات |
| 650 | 0 | 4 | _aالحيوانات البرمائية |
| 942 |
_2ddc _cBK |
||
| 999 |
_c58359 _d58359 |
||